[Event "Lippe Cup 04th"]
[Site "Lieme"]
[Date "2007.09.30"]
[Round "5"]
[White "Rischmueller, Martin"]
[Black "Kieselmann, Hubert"]
[Result "1/2-1/2"]
[WhiteElo "1713"]
[BlackElo "1524"]
[PlyCount "82"]
[EventDate "2007.09.28"]
[EventType "swiss"]
[EventRounds "5"]
[EventCountry "GER"]
[SourceTitle "EXT 2012"]
[Source "ChessBase"]
[SourceDate "2011.11.24"]
[SourceVersion "1"]
[SourceVersionDate "2011.11.24"]
[SourceQuality "1"]

1. d4 Nf6 2. Nf3 d5 3. g3 e6 4. Bg2 Nbd7 5. 0-0 Be7 6. c3 Ne4 7. Nfd2 f5 8. f3 Nxg3 9. hxg3 h5 10. Bh3 g5 11. e4 g4 12. fxg4 hxg4 13. Bxg4 fxg4 14. Qxg4 Nf6 15. Qf3 e5 16. dxe5 Bc5+ 17. Rf2 Bxf2+ 18. Kxf2 Ng4+ 19. Ke1 Rf8 20. Qh1 Qg5 21. Qh4 Qe3+ 22. Kd1 Nf2+ 23. Kc2 Qd3+ 24. Kb3 Be6 25. a4 dxe4+ 26. Ka3 b5 27. b3 bxa4 28. Ra2 axb3 29. Nxb3 Qa6+ 30. Kb2 Qb6 31. Ra3 Nd3+ 32. Kc2 Ne1+ 33. Kb2 Rb8 34. N1d2 Nd3+ 35. Kc2 Nxc1 36. Kxc1 a5 37. Qxe4 Qg1+ 38. Kb2 Bf5 39. Qa4+ Bd7 40. Qxa5 Qf2 41. Qd5 Qb6 1/2-1/2

[Event "Lippe Cup 03rd"]
[Site "Lieme"]
[Date "2006.10.07"]
[Round "2"]
[White "Holtmann, Dieter"]
[Black "Kieselmann, Hubert"]
[Result "0-1"]
[WhiteElo "1013"]
[BlackElo "1541"]
[PlyCount "56"]
[EventDate "2006.10.06"]
[EventType "swiss"]
[EventRounds "5"]
[EventCountry "GER"]
[SourceTitle "EXT 2012"]
[Source "ChessBase"]
[SourceDate "2011.11.24"]
[SourceVersion "1"]
[SourceVersionDate "2011.11.24"]
[SourceQuality "1"]

1. e4 d6 2. Bc4 e5 3. Nf3 Bg4 4. h3 Bh5 5. c3 a6 6. d4 Nd7 7. Qd3 Be7 8. h4 h6 9. g4 Bxg4 10. Be3 Bxf3 11. Rh3 Bh5 12. Nd2 Ngf6 13. Qf1 Nb6 14. Bb3 Ng4 15. Nf3 Nxe3 16. fxe3 Qd7 17. 0-0-0 Qg4 18. dxe5 0-0-0 19. exd6 Bxd6 20. e5 Bc5 21. Nd4 Bxd4 22. cxd4 Nd5 23. Bxd5 Rxd5 24. Rh2 Rhd8 25. Rc2 Qe4 26. Rdd2 Bg6 27. Qc4 c6 28. Rc3 Qb1# 0-1